LEADER 00914nam--2200337---450- 001 990006016890203316 005 20150317102332.0 035 $a000601689 035 $aUSA01000601689 035 $a(ALEPH)000601689USA01 035 $a000601689 100 $a20071219d1983----km-y0itay50------ba 101 0 $aita 102 $aIT 105 $aa---||||001yy 200 1 $a26 agosto 1982, 1 maggio 1983 210 $aSalerno$cS.I.U.L.P.$d1983 215 $a52 p.$cill.$d22 cm 300 $aA p. 27: Progettazione di Giovanni Giannattasio 606 0 $aEroi 676 $a551.302 702 1$aGIANNATTASIO,$bGiovanni 702 1$aMARANO,$bUgo 801 0$aIT$bsalbc$gISBD 912 $a990006016890203316 951 $aXVII.3766$b1507 DBC$cXVII$d364751 959 $aBK 969 $aDBC 979 $aPASSARO$b90$c20150317$lUSA01$h1023 996 $a26 agosto 1982, 1 maggio 1983$91077119 997 $aUNISA